| 000 | 00749nam a2200241Ia 4500 | ||
|---|---|---|---|
| 005 | 20231202095456.0 | ||
| 008 | 131103s9999 xx 000 0 und d | ||
| 020 | _c135 | ||
| 040 | _aLoreto College | ||
| 041 | _aEnglish | ||
| 082 |
_a342.954 _bBAS |
||
| 100 | _aBasu, Durga Das | ||
| 245 |
_aIntroduction to the constitution of India _cDurga Das Basu in collaboration with Brij Kishore Sharma |
||
| 250 | _a19th ed rep 2003 | ||
| 260 |
_aNagpur _bWadhwa and Company Law Publishers _c2001 (rep 2003) |
||
| 300 | _axxii,499p | ||
| 504 | _aIncludes bibliographic references,tables and index | ||
| 650 | _aConstitution-India | ||
| 651 | _aIndia-Constitution | ||
| 700 | _aSharma, Brij Kishore, collaborator | ||
| 850 | _aLCLIB | ||
| 942 | _cBK | ||
| 999 |
_c1 _d50480 |
||